Estadísticas para Equipos de Inazuma Eleven

Haz click aquí para intentar la prueba.

Estadísticas generales

  • Esta prueba ha sido intentada 184 veces
    (183 desde el último reinicio)
  • La puntuación promedio es 26 de 44

Estadísticas de respuestas

TemporadaEquipo / Club% Correcto
1Raimon
94%
1Royal Academy
94%
1Instituto Zeus
92%
1Instituto Occult
86%
1Instituto Otaku
84%
1Instituto Farm
78%
1Instituto Kirkwood
75%
1Instituto Wild
73%
2Instituto Alpino
72%
2Épsilon
71%
2Génesis
70%
3Orfeo
70%
3Inazuma Japón
69%
1Instituto Shuriken
67%
2Tormenta de Géminis
66%
1Instituto Brain
64%
3The Little Giants
64%
2Caos
63%
2Emperadores Oscuros
60%
3Leones del Desierto
60%
2Redux Royal Academy
60%
3Knights of Queen
59%
3Unicorn
59%
1Inazuma Eleven
58%
3Dragones de Fuego
57%
2Prominence
56%
2Diamond
53%
3Neo Japón
53%
3Os Reis
53%
2CCC de Osaka
50%
2Claustro Sagrado
50%
2Fútbol Club Servicio Secreto
50%
3Big Waves
48%
3Los Emperadores
48%
3Los Rojos
48%
2Instituto Fauxshore
42%
3Dark Team
40%
3Zoolan Team
39%
3Ángeles Oscuros
38%
2Gaia
37%
3Sky Team
32%
2Nuevo Épsilon
27%
2Academia Mery Times Memorial 0
18%
2Nueva Royal Academy
11%

Distribución de puntuación

Porcentaje por número respondido

Porcentaje de gente con cada puntuación

Historial de tus puntuaciones

No has intentado esta prueba desde el último reinicio